00759aab a2200193 i 4500001001000000003001000010005001700020008004100037040001900078041000800097100002900105245007000134300007300204520013100277650002100408773011100429942000800540999001700548768714001CO-MdFUSB20240422113826.0240404t1990 ag ||||| |||| 00| 0 spa d bspacCO-MdFUSB aspa1 aSinclair, John H.eautor1 aJuan A. Mackay : bmisionero y misionólogoc/ John H. Sinclair  aVolumen 9, número 3 (septiembre, 1990), páginas: 6 - 12c; 27 cm aResumen de un capítulo del libro "La mano y el camino", el cual es una biografía de Juan A. Mackay, escrita por Sinclair.  7aBiografía94090 tIglesia y Misión049402959664gVolumen 9, número 3 (septiembre, 1990), páginas: 6 - 12qpágina: 6 cANA c51890d51890